[Event "DEN-ch G5-2"]
[Site "Svendborg"]
[Date "2018.03.31"]
[Round "3"]
[White "Olsen, Birger1111"]
[Black "Jensen, Anna Hedelykke"]
[Result "1-0"]
[WhiteElo "1898"]
[BlackElo "1809"]
[PlyCount "97"]
[EventDate "2018.03.29"]
[EventType "swiss"]
[EventRounds "5"]
[EventCountry "DEN"]
[SourceTitle "EXT 2019"]
[Source "ChessBase"]
[SourceDate "2018.10.10"]
[SourceVersion "1"]
[SourceVersionDate "2018.10.10"]
[SourceQuality "1"]

1. e4 c6 2. Nc3 d5 3. Nf3 dxe4 4. Nxe4 Nf6 5. Nxf6+ gxf6 6. d4 Bf5 7. Bd3 Bg6 8. Bf4 e6 9. Qe2 Bd6 10. Bg3 Qc7 11. 0-0-0 Nd7 12. Rhe1 0-0-0 13. Nd2 Nb6 14. c3 Nd5 15. Ne4 Bf4+ 16. Kb1 Qb6 17. Qc2 Bh6 18. Nd6+ Rxd6 19. Bxd6 Rd8 20. Bxg6 hxg6 21. Bg3 Bf8 22. Qb3 Qa6 23. Re4 Be7 24. Rh4 Qe2 25. Rh7 Rf8 26. Qc2 Qa6 27. Qe4 Qb6 28. Qc2 Qa6 29. Re1 Qb6 30. Ka1 Qa6 31. Qe2 Qxe2 32. Rxe2 f5 33. Be5 f6 34. c4 Bb4 35. cxd5 fxe5 36. dxc6 exd4 37. cxb7+ Kb8 38. Rd7 Rh8 39. Rxe6 d3 40. Rxd3 Rxh2 41. a3 Bc5 42. Rd7 Rh8 43. f3 Rg8 44. b4 Bb6 45. a4 g5 46. a5 Bf2 47. a6 g4 48. Rde7 Bg3 49. Re8+ 1-0

[Event "Nordic-ch U16 Girls"]
[Site "Alta"]
[Date "2016.05.01"]
[Round "5"]
[White "Jensen, Anna Hedelykke"]
[Black "Mamadova, Saida"]
[Result "1-0"]
[WhiteElo "1556"]
[BlackElo "1571"]
[PlyCount "125"]
[EventDate "2016.04.29"]
[EventType "swiss"]
[EventRounds "5"]
[EventCountry "NOR"]
[SourceTitle "EXT 2024"]
[Source "ChessBase"]
[SourceDate "2023.10.10"]
[SourceVersion "1"]
[SourceVersionDate "2023.10.10"]
[SourceQuality "1"]

1. e4 e5 2. Nf3 Nc6 3. Bc4 Bc5 4. c3 Nf6 5. d4 exd4 6. cxd4 Bb4+ 7. Bd2 Bxd2+ 8. Nbxd2 d5 9. exd5 Nxd5 10. Qb3 Nce7 11. 0-0 0-0 12. Rfe1 c6 13. Ne5 Qb6 14. Ndf3 Qxb3 15. Bxb3 h6 16. Rad1 Be6 17. Nd3 b6 18. Rc1 Rac8 19. Nfe5 Rfd8 20. Bxd5 Bxd5 21. Nb4 c5 22. dxc5 bxc5 23. Nxd5 Rxd5 24. Nc4 Nf5 25. Kf1 Kf8 26. Re5 Rxe5 27. Nxe5 Ke7 28. Re1 Kf6 29. Nd7+ Kg6 30. Rc1 c4 31. Ne5+ Kf6 32. Rxc4 Rd8 33. Nf3 Ne7 34. Rf4+ Ke6 35. Re4+ Kd6 36. Rd4+ Kc7 37. Rxd8 Kxd8 38. Ke2 Nd5 39. Ne5 Kc7 40. Nxf7 a5 41. g3 a4 42. a3 Kb6 43. Ne5 Kc5 44. Kd3 Nf6 45. h4 Kd5 46. Nc4 Kc5 47. Ne3 Kb5 48. Nf5 Ne8 49. Nd4+ Ka5 50. Kc3 Nd6 51. f3 Ne8 52. b4+ axb3 53. Kxb3 Nd6 54. a4 Nb7 55. Ne6 g6 56. g4 Nd6 57. Nf8 g5 58. hxg5 hxg5 59. Ne6 Nf7 60. Ka3 Ka6 61. Kb4 Kb6 62. a5+ Ka6 63. Ka4 1-0

[Event "Nordic-ch U16 Girls"]
[Site "Alta"]
[Date "2016.04.29"]
[Round "2"]
[White "Jensen, Anna Hedelykke"]
[Black "Johansson, Elizabeth"]
[Result "1/2-1/2"]
[WhiteElo "1556"]
[BlackElo "1440"]
[PlyCount "48"]
[EventDate "2016.04.29"]
[EventType "swiss"]
[EventRounds "5"]
[EventCountry "NOR"]
[SourceTitle "EXT 2024"]
[Source "ChessBase"]
[SourceDate "2023.10.10"]
[SourceVersion "1"]
[SourceVersionDate "2023.10.10"]
[SourceQuality "1"]

1. e4 e5 2. Nf3 Nc6 3. Bc4 Bc5 4. c3 Nf6 5. d4 exd4 6. cxd4 Bb4+ 7. Bd2 d5 8. exd5 Bxd2+ 9. Nbxd2 Nxd5 10. 0-0 0-0 11. Nb3 Bg4 12. h3 Bh5 13. Rc1 Qd6 14. Bxd5 Qxd5 15. Rc5 Bxf3 16. Rxd5 Bxd1 17. Rxd1 Rad8 18. Rc5 Rd7 19. a3 Rfd8 20. Rdc1 Rd5 21. R5c3 Kf8 22. R1c2 R8d7 23. Nc5 Re7 24. Nb3 Red7 1/2-1/2

[Event "EU-ch U16 Girls 25th"]
[Site "Porec"]
[Date "2015.09.28"]
[Round "7"]
[White "Ganzova, Veronika"]
[Black "Jensen, Anna Hedelykke"]
[Result "1/2-1/2"]
[WhiteElo "1696"]
[BlackElo "1495"]
[PlyCount "74"]
[EventDate "2015.09.21"]
[EventType "swiss"]
[EventRounds "9"]
[EventCountry "CRO"]
[SourceTitle "EXT 2016"]
[Source "ChessBase"]
[SourceDate "2015.10.08"]
[SourceVersion "1"]
[SourceVersionDate "2015.10.08"]
[SourceQuality "1"]

1. e4 c6 2. d4 d5 3. Nc3 dxe4 4. Nxe4 Nf6 5. Nxf6+ gxf6 6. Bc4 Bf5 7. Bf4 e6 8. h4 h5 9. Ne2 Nd7 10. Bd3 Bxd3 11. Qxd3 f5 12. 0-0-0 Nf6 13. Bg5 Be7 14. Nf4 Ne4 15. Bxe7 Qxe7 16. Qe2 Nf6 17. Rd3 0-0-0 18. Rhd1 Nd5 19. Nxd5 Rxd5 20. g3 Rb5 21. Re3 Ra5 22. Kb1 Rb5 23. Re5 Rb6 24. Rc5 Qf6 25. Qe5 Qxe5 26. dxe5 Rd8 27. Rxd8+ Kxd8 28. c3 Kd7 29. f3 Ra6 30. b3 b6 31. Rc4 Ra5 32. Rd4+ Rd5 33. Rxd5+ exd5 34. Kc2 Ke6 35. f4 f6 36. exf6 Kxf6 37. Kd3 Ke6 1/2-1/2